| 000 | 00594nam a2200157 i 4500 | ||
|---|---|---|---|
| 001 | 102094 | ||
| 003 | ES-MaACL | ||
| 005 | 20230906183037.0 | ||
| 007 | t| | ||
| 008 | 051103s1936 mx ||||1| spa d | ||
| 110 | 2 |
_aMéxico. _bDepartamento del Distrito Federal. _95694 |
|
| 245 | 1 | 0 |
_aMemoria presentada al Il. Congreso de la Unión por el periodo comprendido de Septiembre de 1935 a Agosto de 1936 / _cDepartamento del Distrito Federal (México). |
| 260 |
_aMéxico : _b[s.n.], _c1936 ( _fTall. Graf. de Penitenciaria) |
||
| 300 |
_a284 p. con lám. ; _c23 cm. |
||
| 852 |
_aES-MaACL _jA-4781 |
||
| 999 |
_c102094 _d102094 |
||